Регионална библиотека "Любен Каравелов" - Русе

Пътуване към демокрацията или от една илюзия към друга? (Запис номер 370461)

MARC детайли
000 -Лидер
Контролно поле с фиксирана дължина 01331nam a2200337 a 4500
003 - Код на организацията, давaща контролен номер
Контролно поле BLK
005 - Дата и час на последна редакция
Контролно поле 20250128005520.0
008 - Елементи от данни с фиксирана дължина
fixed length control field 200623b bu ||||| |||| 00| 0 bu d
020 ## - Международен стандартен номер на книга ISBN
Международен стандартен номер на книга ISBN 954-8172-05-4
040 ## - Източник на каталожния запис
Идентификатор на билиотеката - собственик на записа BLK
041 ## - Код за език
Код за езика на текст/звукозапис или на отделно заглавие Български
Код за езика КДБФ Български
080 ## - УДК
Текстов определител УДК Парламентарна демокрация
УДК код - определител по УДК 321.72
УДК определител (497.2)
УДК - код + определител 321.72(497.2)
080 ## - УДК
Текстов определител УДК Вътрешни работи. Вътрешна политика
УДК код - определител по УДК 323
УДК определител (497.2)
УДК - код + определител 323(497.2)
100 ## - Редна дума - Автор
Автор Томов, Тома Л.
Авторска отговорност първи автор
R(LIN) 416248
139 ## - Редно поле
Редна дума Томов, Тома Л.
Авторски знак Томо - Т 70
245 10 - Сведения за заглавието
Заглавие Пътуване към демокрацията или от една илюзия към друга?
Редно поле (дума) Тома Л.Томов
257 ## - Страна на издаване
Страна на създаване/издаване България
260 ## - Област на издателските данни
Място на издаване, разпространение и проч. София
Име на издателя, разпространителя и проч. Вис Виталис
Година на издаване 1993
Печатница Враца : Полипринт
9 (RLIN) 214064
Издателство - префикс ISBN 954-8172-
300 ## - Физическа характеристика
Страници 159 с.
Размери/Мащаб 20 см
380 ## - Жанр
Жанр Обществени науки
500 ## - Общи забележки
Забележка Бел. с. 155-157
650 #7 - Допълнително описание по предмет – тема
9 (RLIN) 152980
Основно описание – тема или топоним Демокрация - България
650 #0 - Допълнително описание по предмет – тема
Основно описание – тема или топоним Вътрешна политика - България
9 (RLIN) 249071
653 #7 - Ключова дума – ненормативна
9 (RLIN) 184753
Ключова дума демокрация
653 #7 - Ключова дума – ненормативна
9 (RLIN) 182625
Ключова дума българска вътрешна политика
852 ## - Местоположение
Форматна сигнатура Цб 175387
Фондова буква Хранилище
856 ## - Електронен адрес и достъп
Инструкция (цена за достъп) 0.00
Права за достъп disable
999 ## - СИСТЕМНИ КОНТРОЛНИ НОМЕРА
Koha biblionumber 370461
Koha biblioitemnumber 370461
942 ## - АРТИКУЛИ
Вид на библиотечния материал Книги
Скрит в OPAC Не
Периодичен библиозапис Да
944 ## - СЪЗДАВАНЕ И РЕДАКЦИЯ на ЗАПИСА
Създаване/Редакция Създаване
Дата на регистрацията/редакция 2020-06-23
Служител, извършил регистрацията/редакцията
Статус, дата на статуса CRON CRON
999 ## - СИСТЕМНИ КОНТРОЛНИ НОМЕРА
Koha biblioitemnumber 370461
Наличности
Код за отписване Код за изгубен артикул Източник на класификационната схема Код за повреда Коз за рестрикции Код за отдаване Артикулен № Име на библиотеката - собственик Име на библиотеката, в която се намира в момента Статус (Текущо местоположение) Дата на вписване в системата Местоположение - отдел Цена в лева Инвентарен номер Систематично азбучна сигнатура Баркод Цена в евро Служебен тип на артикула
  Не е изгубен Universal Decimal Classification Не е повреден само за читалня ползва се в читалня 778433 Регионална библиотека "Любен Каравелов" Русе Регионална библиотека "Любен Каравелов" Русе Хранилище 2020-06-24 Хранилище 0.67 583871 Цб 175387 120000583871 0.34 Книги
Vip Innovations Ltd, Rousse, Bulgaria 2025